000
00302nam a2200145Ia 4500
100
_a
Herbert/Douglas
942
_c
BK
654
_a
windows
245
_a
Understanding 1-2-3 for Windows
260
_b
BPB
_a
Dubai
_c
1992
082
_a
1.6424
_b
HER
300
_a
606
546
_a
ENGLISH
999
_c
30726
_d
30726